[Event "Dutch Open 2023"]
[Site "Dieren, Netherlands"]
[Date "????.??.??"]
[Round "2.8"]
[White "Hausrath, Daniel"]
[Black "Labruyere, Roger"]
[Result "1/2-1/2"]
[WhiteElo "2442"]
[BlackElo "2191"]
[PlyCount "178"]

1. Nf3 g6 2. g3 Bg7 3. d4 Nf6 4. Bg2 c5 5. dxc5 Qa5+ 6. Nfd2 Qxc5 7. Nc3 d6 8.
Nb3 Qh5 9. h3 Qf5 10. e4 Qd7 11. Be3 O-O 12. O-O Nc6 13. Qe2 a6 14. Nd5 Rb8 15.
Rad1 b5 16. c3 Nxd5 17. exd5 Ne5 18. Bd4 Re8 19. Na5 Qc7 20. Bxe5 dxe5 21. Nc6
Rb6 22. Rfe1 f6 23. Qe3 Bf8 24. b4 Rb7 25. c4 bxc4 26. Qc5 Qd6 27. Qxc4 Kg7 28.
a3 Rb6 29. Qe2 Rb7 30. Qe3 Rd7 31. Na5 e6 32. Nc4 Qb8 33. Nb6 Rd6 34. Nxc8 Qxc8
35. Rc1 Qd7 36. dxe6 Qxe6 37. h4 f5 38. Rc7+ Kh8 39. Qa7 Re7 40. Qb8 Kg7 41.
Rc8 Rf7 42. Re8 Be7 43. Rg8+ Kf6 44. Qc7 Rd7 45. Qc8 Rd4 46. Qxe6+ Kxe6 47. Ra8
Rd6 48. Bf1 Rf8 49. Ra7 Rc8 50. Rxa6 Rxa6 51. Bxa6 Ra8 52. Bc4+ Kf6 53. Re3 h6
54. Bd5 Ra7 55. Rc3 g5 56. h5 e4 57. Rc6+ Ke5 58. Bg8 Bd6 59. Rc8 Rxa3 60. Re8+
Kd4 61. Bh7 e3 62. fxe3+ Rxe3 63. Rd8 Ke5 64. Kf2 Rb3 65. Bxf5 Bxb4 66. g4 Bc5+
67. Ke2 Rb6 68. Re8+ Kf4 69. Kd3 Rd6+ 70. Kc4 Bf2 71. Re4+ Kg3 72. Re6 Rxe6 73.
Bxe6 Kf4 74. Kd5 Be1 75. Bf5 Bb4 76. Ke6 Ba3 77. Kf6 Bb4 78. Kg7 Ke5 79. Kxh6
Kf6 80. Kh7 Kf7 81. Bc2 Bc5 82. Bb3+ Kf8 83. Kg6 Be3 84. h6 Bd2 85. h7 Bc3 86.
Kxg5 Kg7 87. h8=Q+ Kxh8 88. Kg6 Bd2 89. g5 Bxg5 1/2-1/2

[Event "Dutch Open 2023"]
[Site "Dieren, Netherlands"]
[Date "????.??.??"]
[Round "2.9"]
[White "Kurt, Sascha"]
[Black "Beukema, Stefan"]
[Result "0-1"]
[WhiteElo "1986"]
[BlackElo "2435"]
[PlyCount "56"]

1. e4 e5 2. Nf3 Nc6 3. Bc4 Bc5 4. c3 Nf6 5. d4 exd4 6. e5 d5 7. Bb5 Ne4 8. cxd4
Bb6 9. Nc3 O-O 10. Be3 Bg4 11. h3 Bh5 12. Qc2 f5 13. Nxd5 Ba5+ 14. Nc3 Nxc3 15.
bxc3 Bxf3 16. gxf3 Nxd4 17. Bxd4 Qxd4 18. O-O Qxe5 19. Rab1 Kh8 20. Rfe1 Qf4
21. Qd3 c6 22. Bc4 Rad8 23. Qf1 Bc7 24. Qg2 Qxc4 25. Re7 Rf7 26. Rbe1 Rxe7 27.
Rxe7 Rd1+ 28. Qf1 Qxf1# 0-1

[Event "Dutch Open 2023"]
[Site "Dieren, Netherlands"]
[Date "????.??.??"]
[Round "2.10"]
[White "Hendriks, Willy"]
[Black "Schuricht, Emil Frederick"]
[Result "1-0"]
[WhiteElo "2420"]
[BlackElo "2018"]
[PlyCount "55"]

1. c4 c6 2. Nf3 d5 3. b3 Nf6 4. Bb2 e6 5. e3 Nbd7 6. Be2 Bd6 7. O-O O-O 8. Nc3
b6 9. d4 Bb7 10. Qc2 Rc8 11. e4 Nxe4 12. Nxe4 dxe4 13. Qxe4 Qc7 14. Bd3 g6 15.
Qh4 e5 16. Ng5 Nf6 17. Rae1 Rce8 18. Re3 exd4 19. Qxd4 Bxh2+ 20. Kh1 Rxe3 21.
fxe3 Be5 22. Qxe5 Qxe5 23. Bxe5 Ng4 24. Bd6 Rd8 25. c5 Nxe3 26. Rxf7 bxc5 27.
Ne6 Rxd6 28. Rf8# 1-0

[Event "Dutch Open 2023"]
[Site "Dieren, Netherlands"]
[Date "????.??.??"]
[Round "2.11"]
[White "De Winter, Arthur"]
[Black "Van Kuijk, Vadim"]
[Result "1-0"]
[WhiteElo "2378"]
[BlackElo "1997"]
[PlyCount "61"]

1. e4 c6 2. d4 d5 3. e5 Bf5 4. h4 h5 5. Bd3 Bxd3 6. Qxd3 Qa5+ 7. c3 e6 8. a4
Qa6 9. Qd1 c5 10. Na3 Nd7 11. dxc5 Rc8 12. b4 Nxe5 13. Nb5 Ng6 14. Ne2 Nf6 15.
Nf4 Ne5 16. Qe2 Ned7 17. a5 Ne4 18. Bb2 Ndxc5 19. bxc5 Bxc5 20. Nd4 e5 21. f3
Bxd4 22. cxd4 Ng3 23. Qxe5+ Kf8 24. Ba3+ Kg8 25. Kf2 Nxh1+ 26. Rxh1 Rc2+ 27.
Kg3 Rh6 28. Qe8+ Kh7 29. Qxf7 Rd2 30. Qf5+ Kh8 31. Re1 1-0

[Event "Dutch Open 2023"]
[Site "Dieren, Netherlands"]
[Date "????.??.??"]
[Round "2.12"]
[White "Ritzerveld, Noah"]
[Black "Noordenbos, Daan"]
[Result "1-0"]
[WhiteElo "2007"]
[BlackElo "2077"]
[PlyCount "113"]

1. e4 e6 2. d4 d5 3. Nc3 Bb4 4. e5 c5 5. a3 Bxc3+ 6. bxc3 Ne7 7. Qg4 O-O 8. Bd3
f5 9. exf6 Rxf6 10. Bg5 Rf7 11. Qh5 g6 12. Qh4 c4 13. Be2 Qa5 14. Bd2 Nf5 15.
Qg5 Nd7 16. g4 Nd6 17. f3 Qb6 18. Nh3 Qb2 19. O-O Nf6 20. Rfb1 Qxc2 21. Bd1 Qd3
22. Nf2 Nfe4 23. Qd8+ Rf8 24. Qxf8+ Kxf8 25. Bh6+ Kg8 26. Nxd3 Nxc3 27. Ne5
Nxb1 28. Rxb1 b6 29. Ba4 b5 30. Bc2 a6 31. Bf4 Nf7 32. Nxf7 Kxf7 33. Bd6 Bd7
34. Kf2 a5 35. Kg3 Ra6 36. Be5 Ra7 37. Kf4 h6 38. h4 Bc6 39. Bd6 Bd7 40. Ke5
Kg7 41. Bc5 Ra6 42. h5 g5 43. Bg6 Kg8 44. Rf1 b4 45. axb4 a4 46. Ra1 Bb5 47.
Ra3 c3 48. f4 Kg7 49. fxg5 hxg5 50. Be7 Rc6 51. Bxg5 c2 52. Bc1 Rc4 53. Rf3 Rc7
54. Rf6 Rc8 55. h6+ Kh8 56. h7 Be2 57. Rf7 1-0

[Event "Dutch Open 2023"]
[Site "Dieren, Netherlands"]
[Date "????.??.??"]
[Round "2.13"]
[White "Baselmans, Luuk"]
[Black "Van Foreest, Machteld"]
[Result "0-1"]
[WhiteElo "2338"]
[BlackElo "2291"]
[PlyCount "94"]

1. e4 e5 2. Nf3 Nc6 3. Bc4 Bc5 4. O-O Nf6 5. d4 Bxd4 6. Nxd4 Nxd4 7. Bg5 h6 8.
Bh4 Qe7 9. f4 Qc5 10. fxe5 Nxc2+ 11. Bf2 Qxc4 12. exf6 Nxa1 13. fxg7 Rg8 14.
Nc3 d6 15. Nd5 Rxg7 16. b3 Qc2 17. Qxc2 Nxc2 18. Nxc7+ Kd8 19. Nxa8 Bh3 20. Bg3
Bxg2 21. Rd1 Rg6 22. Rxd6+ Rxd6 23. Bxd6 Bxe4 24. Kf2 Kd7 25. Bf4 Nb4 26. Ke3
f5 27. Nc7 a6 28. h4 Nxa2 29. Kd4 Nb4 30. Na8 h5 31. Nb6+ Ke6 32. Na4 Nc2+ 33.
Kc3 Kd5 34. Nb6+ Kc6 35. Nc4 Ne1 36. Bg3 Nf3 37. Ne5+ Nxe5 38. Bxe5 Kd5 39. Bc7
Bb1 40. Kd2 Ke4 41. Ke2 f4 42. b4 Bd3+ 43. Kf2 Bb5 44. Bb6 Bc6 45. Bc7 f3 46.
Bd6 Kd3 47. Be7 Kc4 0-1

[Event "Dutch Open 2023"]
[Site "Dieren, Netherlands"]
[Date "????.??.??"]
[Round "2.14"]
[White "Bus, Tom"]
[Black "Pham, Khoi"]
[Result "0-1"]
[WhiteElo "2100"]
[BlackElo "2361"]
[PlyCount "102"]

1. c4 c6 2. g3 d5 3. Nf3 Nf6 4. b3 Bf5 5. Bb2 e6 6. Bg2 h6 7. O-O Be7 8. d3 O-O
9. Nbd2 a5 10. a3 Nbd7 11. Ra2 Bh7 12. Qa1 Re8 13. Ne5 Nxe5 14. Bxe5 Bf8 15.
cxd5 exd5 16. Bxf6 Qxf6 17. Qxf6 gxf6 18. Nf3 c5 19. Rc1 d4 20. Nh4 Rab8 21. a4
Red8 22. Bf3 Be7 23. Rcc2 Kf8 24. Rcb2 f5 25. Ng2 Bg8 26. Nf4 f6 27. Ra1 Rd6
28. Rc1 b6 29. Rbb1 Ke8 30. Bh5+ Kd7 31. Bg6 Be6 32. Kg2 Rc6 33. Bh5 Bg8 34.
Bg6 b5 35. Bxf5+ Kd6 36. Bg6 Rcb6 37. Ra1 Bxb3 38. axb5 Rxb5 39. Be4 a4 40. Ng6
Bd8 41. e3 dxe3 42. fxe3 f5 43. Bxf5 Bf6 44. d4 cxd4 45. Be4 Rc5 46. exd4 Bxd4
47. Rd1 Bxd1 48. Rxd1 Rb2+ 49. Kh3 Rc4 50. Bd3 Rcb4 51. Nf4 a3 0-1

[Event "Dutch Open 2023"]
[Site "Dieren, Netherlands"]
[Date "????.??.??"]
[Round "2.15"]
[White "Duijker, Rick"]
[Black "Brouwer, Tim"]
[Result "1-0"]
[WhiteElo "2198"]
[BlackElo "2107"]
[PlyCount "57"]

1. Nf3 d5 2. g3 Nf6 3. Bg2 Bf5 4. c4 c6 5. b3 Qc8 6. O-O Bh3 7. d3 Bxg2 8. Kxg2
e6 9. Nbd2 Nbd7 10. e4 dxe4 11. dxe4 e5 12. Bb2 Qc7 13. Qc2 Bd6 14. Nh4 O-O 15.
Nf5 Bc5 16. h3 g6 17. Nh6+ Kg7 18. Ng4 Nxg4 19. hxg4 Rad8 20. Nf3 f6 21. g5 Be7
22. Rad1 Kg8 23. gxf6 Bxf6 24. c5 Rf7 25. b4 Rdf8 26. Qc4 Kh8 27. Rd6 Bg7 28.
Ng5 Rf6 29. Ne6 1-0

[Event "Dutch Open 2023"]
[Site "Dieren, Netherlands"]
[Date "????.??.??"]
[Round "2.16"]
[White "Bakija, Alan"]
[Black "Vos, Tjark"]
[Result "1/2-1/2"]
[WhiteElo "2089"]
[BlackElo "2178"]
[PlyCount "100"]

1. c4 Nf6 2. g3 e6 3. Bg2 d5 4. Nf3 Be7 5. O-O O-O 6. b3 c5 7. cxd5 Nxd5 8. Bb2
Nc6 9. Nc3 Nc7 10. Na4 Bd7 11. Rc1 Na6 12. d4 cxd4 13. Nxd4 Na5 14. Nc3 Bg5 15.
e3 Be7 16. Qe2 Qb6 17. Rfd1 Rfd8 18. Qg4 Rac8 19. Na4 Rxc1 20. Nxb6 Rxd1+ 21.
Qxd1 axb6 22. Qe2 Nc7 23. Be4 Ne8 24. Qf3 Nd6 25. Bd3 Nc6 26. Nxc6 Bxc6 27. Qg4
g6 28. Qd4 f6 29. Qc3 Ne4 30. Qc2 Ng5 31. h4 Nf3+ 32. Kf1 e5 33. Bc3 Kg7 34. a4
Nh2+ 35. Ke2 Bf3+ 36. Ke1 Bg4 37. Be4 Rd7 38. Bg2 Kf7 39. Bh1 Nf3+ 40. Kf1 e4
41. Bg2 Rd3 42. Bh1 Ke6 43. Bg2 Bd6 44. Bh1 f5 45. Bg2 Bc5 46. Bh1 Bd6 47. Bg2
h6 48. Bh1 g5 49. hxg5 hxg5 50. Bg2 Be7 1/2-1/2

[Event "Dutch Open 2023"]
[Site "Dieren, Netherlands"]
[Date "????.??.??"]
[Round "2.17"]
[White "De Jong, Tom"]
[Black "Op den Dries, Johan"]
[Result "1/2-1/2"]
[WhiteElo "2176"]
[BlackElo "2093"]
[PlyCount "48"]

1. e4 d5 2. exd5 Nf6 3. d4 Nxd5 4. Nf3 Bg4 5. c4 Bxf3 6. Qxf3 Nb4 7. Na3 N8c6
8. Be3 e5 9. d5 Nd4 10. Bxd4 exd4 11. Be2 Bc5 12. Qe4+ Qe7 13. Qxe7+ Bxe7 14.
O-O-O Nxa2+ 15. Kb1 Bxa3 16. Kxa2 Bc5 17. Kb3 O-O 18. Bd3 Rfe8 19. Rhe1 g6 20.
Ka4 a5 21. Rxe8+ Rxe8 22. Kxa5 c6 23. Ka4 Ra8+ 24. Kb3 f5 1/2-1/2

[Event "Dutch Open 2023"]
[Site "Dieren, Netherlands"]
[Date "????.??.??"]
[Round "2.18"]
[White "Hu, Yu A"]
[Black "Otten, Martijn"]
[Result "0-1"]
[WhiteElo "2056"]
[BlackElo "2166"]
[PlyCount "52"]

1. e4 c5 2. Nf3 Nc6 3. Bb5 g6 4. O-O Bg7 5. c3 Nf6 6. Re1 O-O 7. d4 d5 8. e5
Ne4 9. Be3 Qb6 10. Bxc6 Qxc6 11. dxc5 Bg4 12. b4 f6 13. e6 Ng5 14. Bxg5 fxg5
15. Nd4 Bxd1 16. Nxc6 bxc6 17. Rxd1 a5 18. b5 cxb5 19. Rxd5 b4 20. Nd2 bxc3 21.
Nc4 Rf5 22. Rxf5 gxf5 23. Kf1 Rc8 24. Nxa5 Rxc5 25. Nb3 c2 26. Re1 Bc3 0-1

[Event "Dutch Open 2023"]
[Site "Dieren, Netherlands"]
[Date "????.??.??"]
[Round "2.19"]
[White "Shakhverdian, William"]
[Black "Koster, Chiel"]
[Result "0-1"]
[WhiteElo "2129"]
[BlackElo "2052"]
[PlyCount "98"]

1. d4 Nf6 2. c4 e6 3. Nf3 d5 4. g3 dxc4 5. Bg2 a6 6. O-O Nc6 7. Nc3 Bb4 8. Qc2
O-O 9. Rd1 Qe7 10. a3 Bd6 11. Bg5 h6 12. Bxf6 Qxf6 13. e4 e5 14. Nd5 Qe6 15.
dxe5 Nxe5 16. Nd4 Qg4 17. f4 Nc6 18. Qxc4 Nxd4 19. Qxd4 f6 20. Ne3 Qh5 21. Qd5+
Qxd5 22. Nxd5 c6 23. Nc3 Bc5+ 24. Kf1 Bg4 25. Rd3 Rfd8 26. Rxd8+ Rxd8 27. h3
Bh5 28. g4 Bf7 29. Rd1 Rxd1+ 30. Nxd1 g5 31. fxg5 hxg5 32. Ke2 Bc4+ 33. Kd2 Bd4
34. Nc3 Kf7 35. Kc2 Ke7 36. b3 Bf7 37. Ne2 Be5 38. Ng1 Bd6 39. Kb2 Bg6 40. a4
Ke6 41. Nf3 Be5+ 42. Kc1 Kd6 43. Ne1 Kc5 44. Kd2 Kb4 45. Kc2 Ka3 46. Nd3 Bf7
47. Nc5 b6 48. Nxa6 Bxb3+ 49. Kb1 Bc4 0-1

[Event "Dutch Open 2023"]
[Site "Dieren, Netherlands"]
[Date "????.??.??"]
[Round "2.20"]
[White "Markus, John Raymond"]
[Black "Weidemann, Jakob"]
[Result "0-1"]
[WhiteElo "2001"]
[BlackElo "2114"]
[PlyCount "114"]

1. d4 Nf6 2. Nf3 e6 3. e3 b6 4. Bd3 Bb7 5. Nbd2 d5 6. O-O Nbd7 7. b3 c5 8. Bb2
Be7 9. a3 O-O 10. Qe2 a6 11. c4 Ne4 12. Rfd1 Qb8 13. Ne5 Nxe5 14. dxe5 Nxd2 15.
Rxd2 dxc4 16. bxc4 Rd8 17. f4 Bc6 18. Rf1 Qb7 19. f5 Be4 20. f6 Bf8 21. fxg7
Bxg7 22. Rf4 Bxd3 23. Rxd3 Rxd3 24. Qxd3 Qe7 25. Rf1 Rd8 26. Qe4 b5 27. Bc3 b4
28. axb4 cxb4 29. Be1 Rb8 30. Bh4 Qf8 31. Bf6 b3 32. Qg4 b2 33. Rb1 a5 34. c5
Rb4 35. Bxg7 Qxg7 36. Qxg7+ Kxg7 37. c6 a4 38. c7 Rc4 39. Rxb2 Rxc7 40. Ra2 Rc4
41. Kf2 Kg6 42. Ke2 Kf5 43. Kd3 Rb4 44. Rf2+ Kg6 45. h3 Rb3+ 46. Kd4 a3 47. Ra2
Kg5 48. g3 h6 49. Ke4 h5 50. Rf2 Rb4+ 51. Kd3 Ra4 52. Ra2 Kf5 53. g4+ hxg4 54.
hxg4+ Kxe5 55. Ke2 Ke4 56. Kf2 Kd3 57. Kf3 Kc3 0-1

[Event "Dutch Open 2023"]
[Site "Dieren, Netherlands"]
[Date "????.??.??"]
[Round "2.21"]
[White "Binnendijk, Ferdinand"]
[Black "Boesel, Alexander"]
[Result "0-1"]
[WhiteElo "2112"]
[BlackElo "2002"]
[PlyCount "94"]

1. d4 Nf6 2. c4 e6 3. Nc3 Bb4 4. a3 Bxc3+ 5. bxc3 d6 6. f3 O-O 7. e4 c5 8. Bd3
Nc6 9. Ne2 b6 10. Bg5 e5 11. d5 Na5 12. Ng3 h6 13. Bc1 Ba6 14. Nf5 Kh7 15. Ne3
Nh5 16. g3 g6 17. O-O Ng7 18. Rf2 f6 19. Rb1 Qe7 20. Qf1 Rf7 21. Ng4 h5 22. Nh6
Rff8 23. h4 Rh8 24. g4 Raf8 25. g5 Ne8 26. Rbb2 Bc8 27. f4 fxg5 28. fxg5 Kg7
29. Nf5+ gxf5 30. exf5 Kg8 31. f6 Qd7 32. Bf5 Qd8 33. Qd3 Bxf5 34. Qxf5 Rf7 35.
Qg6+ Kf8 36. Qe4 Rg8 37. Rg2 Nxf6 38. gxf6 Rxg2+ 39. Rxg2 Qxf6 40. Bg5 Qf1+ 41.
Kh2 Rf5 42. Qc2 Nxc4 43. Qa4 Rxg5 44. Rxg5 Qf2+ 45. Rg2 Qxh4+ 46. Kg1 Qe1+ 47.
Kh2 Nd2 0-1

[Event "Dutch Open 2023"]
[Site "Dieren, Netherlands"]
[Date "????.??.??"]
[Round "2.22"]
[White "Brouwer, Mason"]
[Black "Evengroen, Jan"]
[Result "0-1"]
[WhiteElo "1990"]
[BlackElo "2112"]
[PlyCount "70"]

1. e4 e6 2. d4 d5 3. Nc3 Bb4 4. Nge2 dxe4 5. a3 Be7 6. Nxe4 b6 7. Be3 Bb7 8.
N4g3 h5 9. Nc3 h4 10. Nge2 Nf6 11. Qd2 Nc6 12. O-O-O Na5 13. Nf4 Ng4 14. d5 e5
15. Bb5+ Kf8 16. Nh3 a6 17. Be2 Nxe3 18. fxe3 Bc8 19. Nf2 b5 20. Nce4 Nc4 21.
Bxc4 bxc4 22. g4 Rh6 23. Qc3 Rb6 24. Qxc4 Rab8 25. Rd3 Rxb2 26. Nd2 Bd7 27. Rc3
Bb5 28. Qxc7 Qxc7 29. Rxc7 Bxa3 30. Nb1 Rxb1+ 31. Kxb1 Bc4+ 32. Ka1 Bb2+ 33.
Kb1 Bd4+ 34. Kc1 Bxe3+ 35. Kd1 Rb1# 0-1

[Event "Dutch Open 2023"]
[Site "Dieren, Netherlands"]
[Date "????.??.??"]
[Round "2.23"]
[White "Kools, Thomas"]
[Black "Boersma, Jan"]
[Result "1/2-1/2"]
[WhiteElo "2112"]
[BlackElo "1988"]
[PlyCount "68"]

1. e4 c5 2. Nc3 Nc6 3. g3 g6 4. d3 Bg7 5. Bg2 d6 6. f4 e6 7. Nf3 Nge7 8. O-O
O-O 9. Be3 Rb8 10. Nh4 Nd4 11. Qd2 b5 12. Nd1 b4 13. c3 bxc3 14. bxc3 Nb5 15.
a4 Nc7 16. Nf2 f5 17. Nf3 Bb7 18. Qc2 Qd7 19. Rfe1 Bc6 20. Nd2 Rb7 21. Nc4 Rbb8
22. Nd1 Ne8 23. Bf2 Nc7 24. Qa2 Kh8 25. Qa3 Rfe8 26. Na5 Ba8 27. Ne3 Nc6 28.
Nxc6 Bxc6 29. Nc4 Ba8 30. h4 Rbd8 31. Nd2 h6 32. Bf3 e5 33. Be3 Ne6 34. Kg2
exf4 1/2-1/2

[Event "Dutch Open 2023"]
[Site "Dieren, Netherlands"]
[Date "????.??.??"]
[Round "3.1"]
[White "Beerdsen, Thomas"]
[Black "Prraneeth Vuppala"]
[Result "0-1"]
[WhiteElo "2520"]
[BlackElo "2486"]
[PlyCount "78"]

1. e4 e5 2. Nc3 Nf6 3. d4 exd4 4. Qxd4 Nc6 5. Qd3 Bc5 6. Bf4 O-O 7. O-O-O d6 8.
f3 Be6 9. Kb1 b5 10. Qd2 b4 11. Nd5 Bxd5 12. exd5 Ne5 13. h4 Nh5 14. Bxe5 dxe5
15. Ne2 f5 16. g4 fxg4 17. fxg4 Nf6 18. Ng3 Nxg4 19. Ne4 Nf2 20. Bd3 Nxh1 21.
Rxh1 Bd4 22. Qe2 h6 23. c3 bxc3 24. bxc3 Rb8+ 25. Kc1 Kh8 26. cxd4 Qxd5 27. Rg1
Qxd4 28. Qg4 Rf7 29. Rg3 Qb2+ 30. Kd1 Qxa2 31. Nd2 Qa1+ 32. Ke2 Rbf8 33. Rg2
Qd4 34. Qg6 e4 35. Nxe4 Rf3 36. Nc5 Qe3+ 37. Kd1 Rf1+ 38. Kc2 Qxc5+ 39. Kd2
Qc1+ 0-1

[Event "Dutch Open 2023"]
[Site "Dieren, Netherlands"]
[Date "????.??.??"]
[Round "3.2"]
[White "Beukema, Stefan"]
[Black "Schoppen, Casper"]
[Result "0-1"]
[WhiteElo "2435"]
[BlackElo "2498"]
[PlyCount "82"]

1. e4 c6 2. d4 d5 3. Nc3 dxe4 4. Nxe4 Nf6 5. Nxf6+ exf6 6. Be3 Bd6 7. Bd3 O-O
8. Ne2 f5 9. Qd2 Na6 10. c3 Nc7 11. Ng3 g6 12. O-O Be6 13. c4 Re8 14. b3 a5 15.
Rfd1 Bb4 16. Qc1 Bf8 17. Be2 Bg7 18. Bf3 a4 19. Rb1 axb3 20. Rxb3 Qc8 21. d5
Bd7 22. Qb1 Be5 23. Ne2 cxd5 24. cxd5 Bd6 25. Rb6 Rxe3 26. fxe3 Qf8 27. Rxb7
Qh6 28. g3 Qxe3+ 29. Kg2 g5 30. Rd3 Qe5 31. Kf1 g4 32. Bg2 Re8 33. Nc3 f4 34.
Rb2 f3 35. Bxf3 gxf3 36. Rxf3 Bh3+ 37. Rg2 Nxd5 38. Kg1 Nxc3 39. Qb3 Qe1+ 40.
Rf1 Bc5+ 41. Rgf2 Qxf1# 0-1

[Event "Dutch Open 2023"]
[Site "Dieren, Netherlands"]
[Date "????.??.??"]
[Round "3.3"]
[White "Sankalp Gupta"]
[Black "Hendriks, Willy"]
[Result "1-0"]
[WhiteElo "2497"]
[BlackElo "2420"]
[PlyCount "119"]

1. e4 c5 2. Nf3 g6 3. d4 cxd4 4. Nxd4 Nc6 5. c4 Nf6 6. Nc3 d6 7. Be2 Nxd4 8.
Qxd4 Bg7 9. Be3 O-O 10. Qd2 a5 11. O-O a4 12. Rab1 Qa5 13. h3 Bd7 14. Qc2 Rfc8
15. Rfc1 Bc6 16. b4 axb3 17. axb3 Qb4 18. Bd2 Qc5 19. b4 Qe5 20. Bd3 Bd7 21.
Be3 Be6 22. Nb5 d5 23. exd5 Nxd5 24. Bc5 Nf4 25. Be4 b6 26. Bd4 Nxh3+ 27. gxh3
Qg5+ 28. Kh1 Rxc4 29. Qxc4 Bxc4 30. Bxa8 Qxb5 31. Bxb6 Bh6 32. Be3 Bxe3 33.
fxe3 Bd3 34. Rb3 Qa4 35. Rc8+ Kg7 36. Rxd3 Qa1+ 37. Kg2 Qb2+ 38. Kf3 Qxb4 39.
Rcd8 Qh4 40. Kg2 Qg5+ 41. Kh2 Qe5+ 42. Kg1 h5 43. Bg2 h4 44. R8d7 f5 45. Kf1
Kf6 46. R7d4 Qb5 47. Kf2 Qb2+ 48. Rd2 Qc3 49. Ra2 Kg5 50. Bf1 Qc7 51. Rf4 e5
52. Rc4 Qb6 53. Ra6 Qb2+ 54. Be2 e4 55. Rcc6 Qg7 56. Rab6 Kh6 57. Bc4 Kh5 58.
Rd6 Kg5 59. Bb5 Qf7 60. Re6 1-0

[Event "Dutch Open 2023"]
[Site "Dieren, Netherlands"]
[Date "????.??.??"]
[Round "3.4"]
[White "Warmerdam, Max"]
[Black "Decrop, Hendrik"]
[Result "1-0"]
[WhiteElo "2607"]
[BlackElo "2033"]
[PlyCount "67"]

1. c4 c6 2. Nf3 d5 3. g3 Nf6 4. Bg2 dxc4 5. Qc2 Qd5 6. Na3 Bf5 7. Qxc4 e6 8.
Qb3 Qxb3 9. axb3 Nbd7 10. d3 Bg6 11. O-O Nd5 12. Nc4 Bb4 13. e4 Nc7 14. Be3 a6
15. Rfc1 Nb5 16. Ra4 Be7 17. Nfd2 Bc5 18. d4 Be7 19. Na5 Rb8 20. d5 c5 21. dxe6
fxe6 22. e5 O-O 23. Nxb7 Nd4 24. Bxd4 cxd4 25. Rc7 Nb6 26. Rxa6 Bd8 27. Nxd8
Rfxd8 28. Raa7 Nc8 29. Rxg7+ Kf8 30. Rac7 Rb5 31. Be4 Rxe5 32. Bxg6 hxg6 33.
Nf3 Rf5 34. Nh4 1-0

[Event "Dutch Open 2023"]
[Site "Dieren, Netherlands"]
[Date "????.??.??"]
[Round "3.5"]
[White "Maatman, Nick"]
[Black "Van den Doel, Erik"]
[Result "1/2-1/2"]
[WhiteElo "2362"]
[BlackElo "2576"]
[PlyCount "104"]

1. d4 d5 2. c4 c6 3. Nf3 Nf6 4. Nc3 dxc4 5. a4 e6 6. e3 c5 7. Bxc4 Nc6 8. O-O
Be7 9. dxc5 O-O 10. Qe2 Bxc5 11. e4 e5 12. h3 Nd4 13. Nxd4 exd4 14. Nd5 Nxd5
15. Bxd5 Be6 16. Bxe6 fxe6 17. Qc4 Qd6 18. Bd2 d3 19. b4 Bd4 20. Rac1 Rf7 21.
b5 Rd8 22. Ba5 b6 23. Bb4 Qe5 24. Qxd3 Rxf2 25. Kh1 Qg5 26. Rxf2 Qxc1+ 27. Rf1
Qc8 28. Be7 Re8 29. Qxd4 Rxe7 30. Rd1 h6 31. Kg1 Rc7 32. Qd6 Kh7 33. Kh2 Rc2
34. Qe5 Ra2 35. Rd4 Qc2 36. Qg3 Qc8 37. e5 Qe8 38. Qb3 Rf2 39. Qd3+ Qg6 40.
Qxg6+ Kxg6 41. Rd7 Rf7 42. Rxf7 Kxf7 43. Kg3 Kg6 44. Kg4 h5+ 45. Kf4 Kh6 46. h4
Kg6 47. Ke4 Kh7 48. Ke3 Kh6 49. Kf4 g6 50. g3 g5+ 51. Ke3 Kg6 52. Ke4 Kh6
1/2-1/2

[Event "Dutch Open 2023"]
[Site "Dieren, Netherlands"]
[Date "????.??.??"]
[Round "3.6"]
[White "Van Foreest, Machteld"]
[Black "Hausrath, Daniel"]
[Result "0-1"]
[WhiteElo "2291"]
[BlackElo "2442"]
[PlyCount "118"]

1. e4 c6 2. d4 d5 3. e5 Bf5 4. Nd2 e6 5. Nb3 Nd7 6. Nf3 Nh6 7. Be2 Be7 8. h3
O-O 9. Bf4 f6 10. exf6 Bxf6 11. Qd2 Nf7 12. O-O Be4 13. c3 Qb6 14. Ng5 Nxg5 15.
Bxg5 a5 16. Bxf6 Rxf6 17. Bd3 Bxd3 18. Qxd3 a4 19. Nd2 e5 20. dxe5 Nxe5 21. Qd4
Qxd4 22. cxd4 Nd3 23. b3 Re6 24. Nf3 Re2 25. bxa4 Rxa4 26. Rab1 b5 27. Rb3 Nf4
28. a3 Re4 29. Kh2 Ne2 30. Ng5 Nxd4 31. Re3 Rxe3 32. fxe3 h6 33. exd4 hxg5 34.
Rc1 Rc4 35. Rd1 Kf7 36. Rd3 Ke6 37. Kg3 Rc2 38. Kf3 Kf5 39. g3 Rc4 40. g4+ Ke6
41. Ke2 Rc2+ 42. Kd1 Ra2 43. Rc3 Kd6 44. Ke1 Kc7 45. Rf3 Kb6 46. Rc3 Rb2 47.
Rf3 Rc2 48. Rd3 Rc4 49. Kd2 Ka5 50. Kd1 Ka4 51. Kd2 b4 52. axb4 Kxb4 53. Ke2
Rc2+ 54. Kd1 Rc3 55. Rd2 Rxh3 56. Rb2+ Rb3 57. Rc2 Rc3 58. Rd2 Rg3 59. Rb2+ Ka5
0-1

[Event "Dutch Open 2023"]
[Site "Dieren, Netherlands"]
[Date "????.??.??"]
[Round "3.7"]
[White "Sidhant, Mohapatra"]
[Black "Ritzerveld, Noah"]
[Result "1-0"]
[WhiteElo "2419"]
[BlackElo "2007"]
[PlyCount "127"]

1. d4 d5 2. Nf3 Nf6 3. c4 c6 4. Nc3 dxc4 5. a4 Bf5 6. e3 e6 7. Bxc4 Bb4 8. O-O
O-O 9. Qe2 Bg6 10. Ne5 Nbd7 11. Nxg6 hxg6 12. Rd1 Qe7 13. e4 e5 14. d5 cxd5 15.
Nxd5 Nxd5 16. Bxd5 Nb6 17. Bb3 Rfd8 18. Be3 Bc5 19. a5 Nd7 20. Rac1 Rac8 21.
Bd5 Bxe3 22. Rxc8 Rxc8 23. Qxe3 b6 24. g3 Rc7 25. Rc1 Rxc1+ 26. Qxc1 Qc5 27.
Qg5 bxa5 28. Qd8+ Nf8 29. Qe8 Qc7 30. h4 Qc1+ 31. Kh2 Qc7 32. Kg2 a6 33. b3 g5
34. h5 g4 35. Kh2 Qa7 36. Kg1 Qc7 37. Kg2 Qd7 38. Qxe5 Nh7 39. Qb8+ Nf8 40. Qb6
Qb5 41. Qc7 Ne6 42. Qc8+ Kh7 43. Bxe6 fxe6 44. Qxe6 Qxh5 45. Qxa6 Qe5 46. Qc6
Qd4 47. Qe6 Qd1 48. Qf7 Qc2 49. Qh5+ Kg8 50. Qd5+ Kh7 51. Qh5+ Kg8 52. Qxg4
Qxb3 53. Qc8+ Kh7 54. Qf5+ Kg8 55. Qxa5 Qc2 56. Qd5+ Kf8 57. Qf5+ Ke7 58. g4
Qd3 59. g5 Qc2 60. Qe5+ Kf7 61. Qf5+ Ke7 62. g6 Ke8 63. Qe6+ Kd8 64. Qg8+ 1-0

[Event "Dutch Open 2023"]
[Site "Dieren, Netherlands"]
[Date "????.??.??"]
[Round "3.8"]
[White "Labruyere, Roger"]
[Black "De Winter, Arthur"]
[Result "0-1"]
[WhiteElo "2191"]
[BlackElo "2378"]
[PlyCount "50"]

1. e4 e5 2. Nf3 Nc6 3. Bc4 Nf6 4. d3 h6 5. Nc3 d6 6. a4 g5 7. h4 g4 8. Ng1 Be6
9. Nge2 d5 10. Bb3 Qd7 11. Ng3 dxe4 12. Ngxe4 Be7 13. Bxe6 Qxe6 14. Be3 O-O-O
15. Qe2 Nxe4 16. dxe4 Nd4 17. Bxd4 exd4 18. Nd5 Bd6 19. O-O-O c6 20. Qc4 Kb8
21. Qxd4 Be5 22. Qc4 cxd5 23. exd5 Qb6 24. b3 Qxf2 25. Qxg4 Qe3+ 0-1

[Event "Dutch Open 2023"]
[Site "Dieren, Netherlands"]
[Date "????.??.??"]
[Round "3.9"]
[White "Zwirs, Nico"]
[Black "Otten, Martijn"]
[Result "1-0"]
[WhiteElo "2443"]
[BlackElo "2166"]
[PlyCount "115"]

1. c4 c6 2. Nf3 d5 3. g3 Nf6 4. Bg2 dxc4 5. O-O b5 6. Ne5 Bb7 7. d3 cxd3 8. Qb3
e6 9. Rd1 Qb6 10. Be3 c5 11. Bxb7 Qxb7 12. Qxd3 Nc6 13. Nxc6 Qxc6 14. a4 b4 15.
Qb5 Rc8 16. Nd2 Nd5 17. Nc4 Nxe3 18. fxe3 a6 19. Qxc6+ Rxc6 20. Rd3 Be7 21.
Rad1 O-O 22. Rd7 Bf6 23. e4 g5 24. e5 Bg7 25. R1d6 Rfc8 26. Ra7 Bxe5 27. Rxc6
Bd4+ 28. e3 Rxc6 29. exd4 cxd4 30. b3 f6 31. Kf2 e5 32. g4 f5 33. gxf5 Rf6 34.
Re7 Rxf5+ 35. Ke2 Rf4 36. Rxe5 h6 37. Re6 Rh4 38. Rxa6 Rxh2+ 39. Kd3 Rh3+ 40.
Kxd4 Rxb3 41. Rxh6 Kg7 42. Rh1 Rf3 43. a5 Rf6 44. Ra1 Ra6 45. Ne3 b3 46. Kc3
Kf6 47. Kxb3 Ke5 48. Ra4 Kd6 49. Rg4 Ke5 50. Kb4 Ra8 51. Kb5 Rb8+ 52. Kc6 Rb3
53. Rxg5+ Kf4 54. Rg4+ Kf3 55. Rh4 Rxe3 56. Rh3+ Kf4 57. Rxe3 Kxe3 58. a6 1-0

[Event "Dutch Open 2023"]
[Site "Dieren, Netherlands"]
[Date "????.??.??"]
[Round "3.10"]
[White "Van Delft, Merijn"]
[Black "Weidemann, Jakob"]
[Result "1-0"]
[WhiteElo "2369"]
[BlackElo "2114"]
[PlyCount "71"]

1. e4 c5 2. Nf3 e6 3. d4 cxd4 4. Nxd4 Nf6 5. Nc3 Nc6 6. Ndb5 d6 7. Bf4 e5 8.
Bg5 a6 9. Na3 b5 10. Nd5 Be7 11. Bxf6 Bxf6 12. c4 b4 13. Nc2 a5 14. g3 O-O 15.
Bg2 g6 16. Nxf6+ Qxf6 17. O-O h5 18. Qd5 Bb7 19. Qd2 Rad8 20. Rae1 h4 21. Re3
Rfe8 22. Rd3 Qe6 23. b3 h3 24. Bh1 Qf6 25. Rd1 Rd7 26. Qh6 Qe6 27. Bf3 Nb8 28.
Ne3 Rdd8 29. c5 d5 30. exd5 Qf6 31. Ng4 Qf5 32. Qh4 Kg7 33. Be4 Qh5 34. Qxh5
gxh5 35. Ne3 Na6 36. Rc1 1-0